| 000 | 01192nam a2200313 a 4500 | ||
|---|---|---|---|
| 001 | ebr10256954 | ||
| 003 | CaPaEBR | ||
| 006 | m u | ||
| 007 | cr cn||||||||| | ||
| 008 | 040707s2004 enka sb 001 0 eng | ||
| 010 | _z 2004556038 | ||
| 015 | _aGBA3-U1877 | ||
| 020 | _z0761961003 (pbk.) | ||
| 020 | _z0761960996 | ||
| 040 |
_aCaPaEBR _cCaPaEBR |
||
| 035 | _a(OCoLC)297598973 | ||
| 050 | 1 | 4 |
_aHM623 _b.P73 2004eb |
| 082 | 0 | 4 |
_a306 _221 |
| 245 | 0 | 4 |
_aThe practice of cultural studies _h[electronic resource] / _cRichard Johnson ... [et al.]. |
| 260 |
_aLondon ; _aThousand Oaks, Calif. : _bSAGE, _c2004. |
||
| 300 |
_axi, 300 p. : _bill. |
||
| 504 | _aIncludes bibliographical references (p. [270]-289) and index. | ||
| 533 |
_aElectronic reproduction. _bPalo Alto, Calif. : _cebrary, _d2013. _nAvailable via World Wide Web. _nAccess may be limited to ebrary affiliated libraries. |
||
| 650 | 0 |
_aCulture _xStudy and teaching. |
|
| 655 | 7 |
_aElectronic books. _2local |
|
| 700 | 1 |
_aJohnson, Richard, _d1939- |
|
| 710 | 2 | _aebrary, Inc. | |
| 856 | 4 | 0 |
_uhttp://site.ebrary.com/lib/rucke/Doc?id=10256954 _zAn electronic book accessible through the World Wide Web; click to view |
| 999 |
_c31547 _d31547 |
||